India 1998- a reference annual (Record no. 12521)

MARC details
000 -LEADER
fixed length control field 00566nam a2200181Ia 4500
003 - CONTROL NUMBER IDENTIFIER
control field IN-BaIIA
008 - FIXED-LENGTH DATA ELEMENTS--GENERAL INFORMATION
fixed length control field 211028s9999 xx 000 0 eng d
020 ## - INTERNATIONAL STANDARD BOOK NUMBER
International Standard Book Number 81-230-0637-3
040 ## - CATALOGING SOURCE
Transcribing agency IIA Library
080 ## - UNIVERSAL DECIMAL CLASSIFICATION NUMBER
Universal Decimal Classification number 058
Item number MIB
110 ## - MAIN ENTRY--CORPORATE NAME
Corporate name or jurisdiction name as entry element Indian Ministry of Information and Broadcasting
9 (RLIN) 21927
245 #0 - TITLE STATEMENT
Title India 1998- a reference annual
Statement of responsibility, etc. Indian Ministry of Information and Broadcasting
260 ## - PUBLICATION, DISTRIBUTION, ETC.
Place of publication, distribution, etc. India
Name of publisher, distributor, etc. Ministry of Information and Broadcasting
Date of publication, distribution, etc. 1998
300 ## - PHYSICAL DESCRIPTION
Extent 784p
650 ## - SUBJECT ADDED ENTRY--TOPICAL TERM
Topical term or geographic name entry element Annual-India 1998
9 (RLIN) 21928
650 ## - SUBJECT ADDED ENTRY--TOPICAL TERM
Topical term or geographic name entry element India-Annual
9 (RLIN) 10702
942 ## - ADDED ENTRY ELEMENTS (KOHA)
Koha item type Books
Holdings
Withdrawn status Lost status Damaged status Not for loan Home library Current library Shelving location Date acquired Cost, normal purchase price Total Checkouts Full call number Barcode Date last seen Cost, replacement price Price effective from Koha item type Purchase Price
        IIA Library-Bangalore IIA Library-Bangalore General Stacks 16/06/1998 198.00   058/MIB 13438 05/11/2021 198.00 16/06/1998 Books Rs. 198.00

Powered by Koha